000 00219nam a22000977a 4500
999 _c264072
_d264071
020 _a0439762391
100 _aALYSSA SATIN CAPUCILLI
245 _aBISCUIT'S BIG FRIEND
260 _aU.S.A
_bSCHOLASTIC
_c2003
942 _cBK